[Event "Horgen SKA"]
[Site "Horgen"]
[Date "1994.??.??"]
[Round "2"]
[White "Brunner, Lucas"]
[Black "Fioramonti, Hung"]
[Result "0-1"]
[WhiteElo "2525"]
[BlackElo "2415"]

1.c4 Nf6 2.Nf3 g6 3.g3 Bg7 4.Bg2 O-O 5.O-O d6 6.Nc3 c6 7.d4 Qa5 8.e4 Bg4
9.Qb3 Nfd7 10.Qxb7 Bxf3 11.Bxf3 Bxd4 12.Qxa8 Qa6 13.Nb5 Bb6 14.Bf4 Ne5 15.Bxe5 dxe5
16.a4 Nd7 17.Qxf8+ Nxf8 18.Nc3 Qxc4 19.Bg4 Qb3 20.Rab1 h5 21.Bc8 Kg7 22.Rfc1 Nh7
23.Bd7 Nf6 24.Bxc6 Ng4 25.Kg2 Qc4 26.Bd5 Qd4 27.Rc2 Nxf2 28.a5 Bc5 29.Nb5 Qe3
30.b4 Qd3 31.Na3 Nxe4 32.bxc5 Qxd5 33.c6 Nc5+ 34.Kg1 Qd4+ 35.Kf1 Qd3+ 36.Ke1 Qxa3
37.Rb5 Qe3+  0-1

[Event "Horgen CS"]
[Site "Horgen"]
[Date "1994.??.??"]
[Round "11"]
[White "Gavrikov, Viktor"]
[Black "Gelfand, Boris"]
[Result "1/2-1/2"]
[WhiteElo "2600"]
[BlackElo "2680"]

1.Nf3 Nf6 2.c4 g6 3.g3 Bg7 4.Bg2 O-O 5.d4 d6 6.O-O Nc6 7.Nc3 a6 8.d5 Na5
9.Nd2 c5 10.Qc2 Rb8 11.b3 b5 12.Rb1 e5 13.cxb5 axb5 14.b4 cxb4 15.Rxb4 Qc7
16.Qd3 Ba6 17.Ba3 Nd7 18.Nxb5 Qb6 19.Rfb1 Nc5 20.Qc2 Bxb5 21.Rxb5 Qxb5 22.Rxb5 Rxb5
23.Ne4 Nab7 24.Bxc5 Rxc5 25.Nxc5 Nxc5 26.e4 Ra8 27.Bf1 Ra4 28.Bc4 Bf6 29.Kf1 Kg7
30.Ke2 Bd8 31.f3 Bg5 32.Qc3 Bd8 33.Qc2 Bg5 34.Qc3 Bd8  1/2-1/2

[Event "Hradec Kralove op"]
[Site "Hradec Kralove"]
[Date "1994.??.??"]
[Round "2"]
[White "Kraschl, Joerg"]
[Black "Reznicek, Pavel"]
[Result "0-1"]
[WhiteElo "2230"]
[BlackElo "2065"]

1.c4 Nf6 2.Nf3 g6 3.g3 Bg7 4.Bg2 O-O 5.O-O d6 6.d4 c6 7.Nc3 Nbd7 8.e4 e5
9.h3 Qa5 10.Re1 Re8 11.d5 cxd5 12.cxd5 b5 13.a3 Ba6 14.Be3 Qc7 15.Bf1 Qb7
16.Nd2 Rec8 17.Na2 Nc5 18.f3 Nh5 19.Kh2 f5 20.Bf2 Bh6 21.Nb3 Nxb3 22.Qxb3 fxe4
23.fxe4 Qf7 24.Bg1 Rf8 25.Be2 Nxg3 26.Kxg3 Qf4+ 27.Kg2 Qxe4+ 28.Bf3 Qh4 29.Bg4 Bf4
30.Nb4 Bc8 31.Bxc8 Raxc8 32.Nc6 Rf5 33.Bf2 Qf6 34.Re2 Rf8 35.Rf1 Kg7 36.Qd3 Rf7
37.Kh1 a6 38.b3 Rh5 39.Be1 g5 40.Rg2 Qh6 41.h4 Rxh4+ 42.Bxh4 Qxh4+ 43.Kg1 g4
44.Qe2 h5 45.Nb4 Qh3 46.Nd3 Be3+ 47.Nf2 Rf3 48.Rh2 Qg3+ 49.Kh1 Qf4 50.Qc2 Qf7
51.Kg2 Rg3+ 52.Kh1 Qf3+  0-1

[Event "HUN-chT 9394"]
[Site "?"]
[Date "1994.??.??"]
[Round "?"]
[White "Vadasz, Laszlo"]
[Black "Kaposztas, Miklos"]
[Result "1/2-1/2"]
[WhiteElo "2375"]
[BlackElo "2260"]

1.Nf3 Nf6 2.c4 g6 3.g3 Bg7 4.Bg2 O-O 5.O-O d6 6.Nc3 Nc6 7.d4 a6 8.d5 Na5
9.Nd2 c5 10.Rb1 Rb8 11.b4 cxb4 12.Rxb4 Qc7 13.Bb2 e5 14.dxe6 Bxe6 15.Nd5 Bxd5
16.cxd5 Qc5 17.a3 Nxd5 18.Bxg7 Kxg7 19.Ne4 Qc6 20.Qd4+ f6 21.Ng5 Nxb4 22.Ne6+ Kf7
23.axb4 Kxe6 24.Bxc6 Nxc6 25.Qh4 Rf7 26.Qe4+ Kd7 27.Rd1 Re7 28.Qf4 Re6 29.h4 h5
30.Qh6 f5 31.Qg7+ Ne7 32.e3 Rc8 33.Qb2 Rc6 34.Kg2 Re4 35.Rd4 Rc4  1/2-1/2

[Event "HUN-chT2 9394"]
[Site "?"]
[Date "1994.??.??"]
[Round "?"]
[White "Loginov, Valery A"]
[Black "Hazai, Laszlo"]
[Result "1-0"]
[WhiteElo "2540"]
[BlackElo "2465"]

1.Nf3 Nf6 2.g3 g6 3.c4 Bg7 4.Bg2 O-O 5.O-O d6 6.d4 Nc6 7.Nc3 e5 8.dxe5 Nxe5
9.Nxe5 dxe5 10.Bg5 Qxd1 11.Rfxd1 c6 12.Na4 h6 13.Be3 Re8 14.h3 Nd7 15.b4 e4
16.Rac1 f5 17.Bd4 Ne5 18.f3 Nd3 19.Bxg7 Nxc1 20.Bxh6 Nxa2 21.Ra1 b5 22.cxb5 cxb5
23.fxe4 fxe4 24.Nc5 Nc3 25.Ra3 Nxe2+ 26.Kf2 Nd4 27.Nxe4 Kh8 28.Rd3 Bxh3 29.Rxd4 Bxg2
30.Kxg2 Rad8 31.Nd6 Kg8 32.Bg5 Rd7 33.Nxb5 Rxd4 34.Nxd4 Re4 35.Bf6 Kf7 36.Kf3 Re1
37.Bd8 a6 38.Ba5 Re8 39.Nb3 Re6 40.Nc5 Rc6 41.Ke4 Ke7 42.Ke5 Rd6 43.Ne4 Rd1
44.Bb6 Re1 45.Kd5 Rb1 46.Kc6 Rd1 47.Bc5+ Ke6 48.Kb6 Ra1 49.Bf8 Kf7 50.Bd6 Ke6
51.Kc6 Kf5 52.Nc5  1-0

[Event "HUN-chT2 9394"]
[Site "?"]
[Date "1994.??.??"]
[Round "?"]
[White "Fancsy, Imre"]
[Black "Istvandi, Lajos"]
[Result "1/2-1/2"]
[WhiteElo "2400"]
[BlackElo "2355"]

1.Nf3 Nf6 2.c4 g6 3.g3 Bg7 4.Bg2 O-O 5.d4 d6 6.Nc3 Nbd7 7.O-O e5 8.e4 exd4
9.Nxd4 Re8 10.h3 a6 11.Bg5 h6 12.Be3 Rb8 13.Qd2 Ne5 14.b3 Bxh3 15.Bxh3 c5
16.f3 cxd4 17.Bxd4 b5 18.cxb5 axb5 19.Rad1 b4 20.Na4 d5 21.Ba7 Rb5 22.Be3  1/2-1/2

[Event "HUN-chT2 9394"]
[Site "?"]
[Date "1994.??.??"]
[Round "?"]
[White "Kustar, Sandor"]
[Black "Banhazi, Istvan"]
[Result "1-0"]
[WhiteElo "2360"]
[BlackElo "2210"]

1.Nf3 Nf6 2.c4 g6 3.g3 Bg7 4.Bg2 O-O 5.d4 d6 6.O-O Nc6 7.Nc3 a6 8.b3 Rb8
9.Bb2 b5 10.cxb5 axb5 11.Rc1 Bd7 12.Qc2 Nb4 13.Qd2 c5 14.Rfd1 Qb6 15.h3 Rfc8
16.e4 cxd4 17.Nxd4 Rc5 18.Nce2 Nc6 19.Nxc6 Rxc6 20.e5 Rxc1 21.Rxc1 dxe5 22.Bxe5 Re8
23.Nf4 Bf5 24.Qb4 g5 25.Rc6 Qa7 26.Rc7 Qxa2 27.Qxb5 Rd8 28.Bxf6 Rd1+ 29.Bf1 Bxf6
30.Qxf5 Qa1 31.Rc8+ Kg7 32.Qb5 gxf4 33.gxf4 Qb2 34.Qh5  1-0

[Event "HUN-chT2 9394"]
[Site "?"]
[Date "1994.??.??"]
[Round "?"]
[White "Horvath, Istvan"]
[Black "Kubacsny, Laszlo"]
[Result "0-1"]
[WhiteElo "2230"]
[BlackElo "2325"]

1.c4 Nf6 2.Nf3 g6 3.g3 Bg7 4.Bg2 O-O 5.O-O d6 6.d4 a6 7.Nc3 Nc6 8.h3 e5 9.e4 exd4
10.Nxd4 Nxd4 11.Qxd4 Ng4 12.Qd2 Ne5 13.b3 Bxh3 14.Bb2 Rb8 15.Nd5 Bxg2 16.Kxg2 Re8
17.Rh1 h5 18.f4 Ng4 19.Bxg7 Kxg7 20.Qd4+ Kg8 21.f5 Re5 22.fxg6 fxg6 23.Rhf1 Qg5
24.Rf4 c6 25.Ne3 Nxe3+ 26.Qxe3 Rbe8 27.Qf3 Qe7 28.Rf6 Re6 29.Rxe6 Qxe6 30.Re1 Rf8
31.Qe2 Qe5 32.Rd1 Rf6 33.Qd3 Kf7 34.Rf1 Ke6 35.Rxf6+ Qxf6 36.a4 a5 37.Qe3 Qe5
38.Qf3 g5 39.Qe3 Kf6 40.Qf3+ Kg6 41.Qd3 g4 42.Kf1 h4 43.gxh4 Kh5 44.Qe3 Qf6+
45.Kg1 Kxh4 46.c5 Qa1+ 47.Kg2 Qb2+ 48.Kg1 Qb1+ 49.Kg2 Qc2+ 50.Kf1 Qxc5 51.Qh6+ Kg3  0-1

[Event "HUN-chT2 9394"]
[Site "?"]
[Date "1994.??.??"]
[Round "?"]
[White "Herpai, Jozsef"]
[Black "Olah, Zsigmond"]
[Result "1-0"]
[WhiteElo "2320"]
[BlackElo "2240"]

1.Nf3 Nf6 2.c4 g6 3.g3 Bg7 4.Bg2 O-O 5.Nc3 d5 6.cxd5 Nxd5 7.O-O c5 8.Qb3 Nc7
9.d3 Nc6 10.Bd2 Rb8 11.Ne4 b6 12.Bf4 Be6 13.Qa4 Bd7 14.Qb3 Rc8 15.a3 Be6
16.Qc2 Na5 17.Ned2 Nd5 18.Be5 f6 19.Bc3 Nxc3 20.bxc3 c4 21.d4 Nb3 22.Rad1 Bf7
23.e4 Qd6 24.Nb1 Qc7 25.Rfe1 g5 26.Nbd2 Rfd8 27.Bh3 e6 28.Rb1 h5 29.Bf1 Na5
30.e5 g4 31.exf6 Bxf6 32.Ne5 Be8 33.Qe4 Bxe5 34.Qxe5 Qxe5 35.Rxe5 Bg6 36.Rbe1 Bf5
37.Bg2 Nb3 38.Nb1 Nxd4 39.cxd4 Rxd4 40.Nc3 Rd2 41.Be4 Rf8 42.Re2 Rxe2 43.Nxe2 Bxe4
44.Rxe4 Rc8 45.Nc3 Rc5 46.Rxe6 Ra5 47.a4 Rc5 48.Re7 a6 49.Re6 b5 50.axb5 axb5
51.Rb6 Kf7 52.Rxb5 Rc8 53.Rxh5 Kg6 54.Rb5 Rc7 55.Kg2 Rc8 56.h3  1-0

[Event "HUN-chT2 9394"]
[Site "?"]
[Date "1994.??.??"]
[Round "?"]
[White "Korpics, Zsolt"]
[Black "Nagy, Janos"]
[Result "1/2-1/2"]
[WhiteElo "2295"]
[BlackElo "2285"]

1.Nf3 Nf6 2.c4 g6 3.g3 Bg7 4.Bg2 O-O 5.O-O c5 6.d4 d6 7.dxc5 dxc5 8.Qxd8 Rxd8
9.Ne5 Nfd7 10.Nxd7 Nxd7 11.Rd1 Re8 12.Na3 Rb8 13.Rb1 Nb6 14.b3 Bf5 15.e4 Bg4
16.f3 Bd7 17.Be3 Rbc8 18.Rd3 Bc6 19.Rbd1 Na8 20.Bxc5 Bxe4 21.fxe4 Rxc5 22.Rd8 Rc8
23.Rxe8+ Rxe8 24.e5 b6 25.e6 Nc7 26.exf7+ Kxf7 27.Rd7 Be5 28.Nb5 Nxb5 29.cxb5 Rc8
30.Bd5+ Kf6 31.Bc4 Rc7 32.Rd8 Bd6 33.Kf2 Rc5 34.Ra8 Rc7 35.Kf3 Ke5 36.h4 e6
37.Re8 Rf7+ 38.Kg4 Be7 39.h5 Kf6 40.hxg6 hxg6 41.Rc8 Bd6 42.Re8 Be7  1/2-1/2

[Event "HUN-chT2 9394"]
[Site "?"]
[Date "1994.??.??"]
[Round "?"]
[White "Loginov, Valery A"]
[Black "Istvandi, Lajos"]
[Result "1-0"]
[WhiteElo "2540"]
[BlackElo "2355"]

1.Nf3 Nf6 2.g3 g6 3.c4 Bg7 4.Bg2 O-O 5.O-O d6 6.d4 Nbd7 7.Qc2 e5 8.Rd1 Qe7
9.Nc3 c6 10.b3 Re8 11.e4 exd4 12.Nxd4 Nc5 13.f3 Nfd7 14.Rb1 Ne5 15.Nce2 a5
16.a3 h5 17.h3 g5 18.g4 hxg4 19.hxg4 Ng6 20.Qd2 Nxe4 21.fxe4 Bxg4 22.Re1 Nh4
23.Qxg5 Nxg2 24.Qxg4 Qxe4 25.Qxe4 Rxe4 26.Kxg2 Bxd4 27.Bd2 Bc5 28.Kf3 Rae8
29.a4 R4e5 30.Ng3 b6 31.Rxe5 dxe5 32.Ne4 Rd8 33.Bg5 Rd3+ 34.Kg4 Bd4 35.Bf6 Kf8
36.Rh1 Ke8 37.Rh3 Rd1 38.Rh8+ Kd7 39.Rd8+ Kc7 40.Rf8 b5 41.Rxf7+ Kb6 42.Bd8+ Ka6
43.axb5+ cxb5  1-0

[Event "JUG-chT"]
[Site "Igalo"]
[Date "1994.??.??"]
[Round "?"]
[White "Notaros, Krasoje"]
[Black "Ristic, Nenad"]
[Result "0-1"]
[WhiteElo "2370"]
[BlackElo "2425"]

1.Nf3 Nf6 2.g3 g6 3.Bg2 Bg7 4.c4 O-O 5.O-O d5 6.d4 dxc4 7.Na3 c3 8.bxc3 c5
9.Ne5 Nd5 10.Bb2 Nc6 11.Nxc6 bxc6 12.Qa4 Qc7 13.Rac1 Be6 14.e4 Nb6 15.Qa5 Rfc8
16.Qxc5 Rab8 17.Qa5 Nc4 18.Nxc4 Bxc4 19.Qxc7 Rxc7 20.Ba3 Bxf1 21.Bxf1 Bf8
22.c4 e5 23.Bxf8 Kxf8 24.d5 c5 25.f4 f6 26.fxe5 fxe5 27.Rd1 Rb6 28.Bh3 Rcb7
29.Rd3 Ke7 30.Kg2 Rb2+ 31.Kf3 R7b6 32.Ra3 a6 33.Be6 Rxh2 34.Kg4 Re2 35.Kg5 Rxe4
36.Kh6 Rxc4 37.Kxh7 Rd4 38.Ra5 Kd6 39.Kxg6 c4 40.Ra3 Rd3 41.Ra4 Rxg3+ 42.Kf5 Rf3+  0-1

[Event "IND-ch"]
[Site "?"]
[Date "1994.??.??"]
[Round "6"]
[White "Shantharam, KV."]
[Black "Shetty, Rahul"]
[Result "1-0"]
[WhiteElo "2260"]
[BlackElo "2340"]

1.Nf3 Nf6 2.g3 g6 3.Bg2 Bg7 4.c4 O-O 5.O-O d6 6.d4 Nbd7 7.Qc2 e5 8.Rd1 Re8
9.e4 Qe7 10.Nc3 a6 11.Bg5 c6 12.Qc1 Qf8 13.d5 h6 14.Bd2 Nc5 15.Ne1 cxd5 16.cxd5 Bd7
17.Qc2 Rac8 18.b4 Na4 19.Qb3 Nxc3 20.Bxc3 Nh7 21.Bd2 f5 22.f3 f4 23.g4 h5
24.h3 Qe7 25.Nd3 Bf6 26.Rdc1 Bh4 27.Rxc8 Rxc8 28.Rc1 Rxc1+ 29.Nxc1 Qd8 30.Nd3 Qb6+
31.Kh1 Ng5 32.Qc3 Kh7 33.Nxf4 exf4 34.Qf6 Be8 35.Bc3  1-0

[Event "ISR-ch (Women)"]
[Site "?"]
[Date "1994.??.??"]
[Round "?"]
[White "Dotan, Valeria"]
[Black "Klinova, Masha"]
[Result "1/2-1/2"]
[WhiteElo "2045"]
[BlackElo "2280"]

1.Nf3 Nf6 2.c4 g6 3.g3 Bg7 4.Bg2 O-O 5.O-O d6 6.d4 c6 7.Nc3 Qa5 8.h3 e5 9.e4 Nbd7
10.dxe5 dxe5 11.a3 Qc7 12.Be3 Rd8 13.Qe2 Nf8 14.Rfd1 Be6 15.Nd2 h6 16.Kh2 g5
17.c5 Ng6 18.Nc4 Nf4 19.Qf1 Nxg2 20.Kxg2 Ne8 21.Qe2 Bf8 22.Rd2 Rxd2 23.Nxd2 b6
24.cxb6 axb6 25.Rc1 c5 26.Nf1 Nd6 27.Nb5 Qc6 28.Nxd6 Bxd6 29.f3 b5 30.g4 c4
31.Nd2 Rd8 32.Nb1 Bc7 33.Rd1 Rb8 34.Nc3 b4 35.axb4 Rxb4 36.Qf2 Qb7 37.Rd2 Ba5
38.h4 f6 39.hxg5 fxg5 40.Kg3 Rb3 41.Rc2 Qf7 42.Qd2 Rb8 43.Qh2 Rf8 44.Rf2 Qf6
45.Kg2 Rd8 46.Rd2 Rd3 47.Rxd3 cxd3  1/2-1/2

[Event "Jakarta"]
[Site "Jakarta"]
[Date "1994.??.??"]
[Round "12"]
[White "Tkachiev, Vladislav"]
[Black "Xie Jun"]
[Result "1-0"]
[WhiteElo "2510"]
[BlackElo "2515"]

1.c4 Nf6 2.Nf3 g6 3.g3 Bg7 4.Bg2 O-O 5.O-O d5 6.cxd5 Nxd5 7.d4 Nb6 8.Nc3 Nc6
9.e3 Re8 10.h3 a5 11.d5 Nb4 12.e4 c6 13.a3 Na6 14.dxc6 Qxd1 15.Rxd1 bxc6
16.Rb1 Rb8 17.Nd4 Bd7 18.b3 e5 19.Nf3 Be6 20.Be3 Na8 21.Rd6 Rxb3 22.Rxc6 Nb8
23.Rc5 a4 24.Rb5 Nc7 25.R5xb3 axb3 26.Ng5 Bc4 27.Bf1 Bxf1 28.Kxf1 h6 29.Nf3 Ne6
30.Nd2 Nc6 31.Nxb3 Bf8 32.a4 Ra8 33.Ra1 Nb4 34.Bb6 Nc2 35.Ra2 Nb4 36.Rb2 Nc6
37.a5 Ned4 38.Nxd4 exd4 39.Nd5 d3 40.Ke1 f5 41.exf5 Bg7 42.Rb5 Ne5 43.Kd2 gxf5
44.Bc7 Kf7 45.Bxe5 Bxe5 46.Nb6  1-0

[Event "JUG-chT2"]
[Site "?"]
[Date "1994.??.??"]
[Round "2"]
[White "Spasojevic, Zoran"]
[Black "Bakic, Rados"]
[Result "1/2-1/2"]
[WhiteElo "2290"]
[BlackElo "2410"]

1.c4 g6 2.Nf3 Bg7 3.g3 Nf6 4.Bg2 O-O 5.O-O c5 6.Nc3 Nc6 7.d3 d5 8.cxd5 Nxd5
9.Nxd5 Qxd5 10.Be3 Bd7 11.d4 cxd4 12.Nxd4 Qa5 13.Nb3 Qc7 14.Nc5 Bf5 15.Qb3 Nd4
16.Bxd4 Bxd4 17.Nxb7 Qb6 18.Rac1 Rfc8 19.e3 Bxb2 20.Rc5 Qxb3 21.axb3 Rxc5
22.Nxc5 Rc8 23.b4 Bc3 24.e4 Bg4 25.f3 Bd4+ 26.Kh1 Bxc5 27.bxc5 Be6 28.Rc1 a5
29.Bf1 a4 30.Ba6 Ra8 31.Bb7 Rb8 32.Bd5 Bxd5 33.exd5 a3 34.c6 a2 35.Ra1 Kf8
36.c7 Rc8 37.Rxa2 Rxc7 38.Kg2 Rc1  1/2-1/2

[Event "JUG-chT2"]
[Site "?"]
[Date "1994.??.??"]
[Round "3"]
[White "Milanovic, Vojislav"]
[Black "Ilic, Zoran"]
[Result "1/2-1/2"]
[WhiteElo "2395"]
[BlackElo "2385"]

1.Nf3 Nf6 2.c4 g6 3.g3 Bg7 4.Bg2 O-O 5.O-O d6 6.d4 Nbd7 7.Qc2 e5 8.dxe5 dxe5
9.Rd1 Re8 10.e4 c6 11.b3 Qc7 12.Nc3 Nc5 13.h3 a5 14.Be3 Nfd7 15.Rab1 b6 16.Rd2 Bb7
17.Rbd1 Rad8 18.Bg5 f6 19.Be3 Bf8 20.Qb2 Ne6 21.Na4 Ndc5 22.Nxc5 Bxc5 23.Bxc5 Nxc5
24.Rxd8 Rxd8 25.Rxd8+ Qxd8 26.Qd2 Qxd2 27.Nxd2 Kf7 28.Kf1 Ke7 29.Ke2 b5 30.cxb5 cxb5
31.Ke3 Ne6 32.Bf1 Nd4 33.a4 bxa4 34.bxa4 Bc6 35.Nc4  1/2-1/2

[Event "JUG-chT2"]
[Site "?"]
[Date "1994.??.??"]
[Round "5"]
[White "Djukic, Zeljko"]
[Black "Zivanic, Slobodan"]
[Result "1/2-1/2"]
[WhiteElo "2360"]
[BlackElo "2270"]

1.Nf3 Nf6 2.c4 g6 3.g3 Bg7 4.Bg2 O-O 5.O-O d6 6.Nc3 Nc6 7.d3 e5 8.Rb1 h6
9.b4 Be6 10.b5 Ne7 11.a4 Qd7 12.Ba3 Bh3 13.e4 Ne8 14.Ne1 Bxg2 15.Kxg2 f5
16.f3 Nf6 17.Nc2 Rf7 18.Ne3 h5 19.Ned5 Nexd5 20.Nxd5 Ne8 21.Bc1 c6 22.bxc6 bxc6
23.Nc3 Nc7 24.Rb7 Qc8 25.Qb3 Ne6 26.Rxf7 Kxf7 27.Be3 f4 28.Bg1 Rb8 29.Qa2 Qc7
30.Rb1 Rxb1 31.Qxb1 Bf6 32.Qb3 Be7 33.Ne2  1/2-1/2

[Event "JUG-chT2"]
[Site "?"]
[Date "1994.??.??"]
[Round "9"]
[White "Milanovic, Vojislav"]
[Black "Dragojlovic, Andjelko"]
[Result "1/2-1/2"]
[WhiteElo "2395"]
[BlackElo "2335"]

1.Nf3 g6 2.c4 Nf6 3.g3 Bg7 4.Bg2 O-O 5.O-O c6 6.d4 d5 7.cxd5 cxd5 8.Ne5 e6
9.Nc3 Nfd7 10.Nxd7 Bxd7 11.b3 Nc6 12.e3  1/2-1/2

[Event "JUG-chT2"]
[Site "?"]
[Date "1994.??.??"]
[Round "10"]
[White "Milanovic, Vojislav"]
[Black "Zlatanovic, Zoran"]
[Result "1/2-1/2"]
[WhiteElo "2395"]
[BlackElo "2280"]

1.Nf3 Nf6 2.c4 g6 3.g3 Bg7 4.Bg2 O-O 5.O-O d5 6.cxd5 Nxd5 7.d4 Nc6 8.e4 Nb6
9.d5 Na5 10.Nc3 Nac4 11.Qe2 e5 12.a4 Nd6 13.a5 Nd7 14.Rd1 h6 15.Nh4 Re8 16.Be3 Nf8
17.Na4 Bd7 18.Nc5 Bb5 19.Qc2 b6 20.Nd3 Qd7 21.a6 Rac8 22.Nb4 c5 23.dxc6 Bxc6
24.Nxc6 Rxc6 25.Qd2 Ne6 26.Bh3 Qc7 27.Bxe6 Rxe6 28.Qd5 Nc4 29.Qd8+ Kh7 30.Qxc7 Rxc7
31.Rac1 Rec6 32.Ng2 b5 33.b3 Nxe3 34.Rxc6 Rxc6 35.Rd2  1/2-1/2

[Event "JUG-chT"]
[Site "JUG"]
[Date "1994.??.??"]
[Round "3"]
[White "Ivanisevic, Dusko"]
[Black "Todorovic, Violeta"]
[Result "1-0"]
[WhiteElo "2240"]
[BlackElo "2075"]

1.Nf3 Nf6 2.c4 g6 3.g3 Bg7 4.Bg2 O-O 5.O-O d6 6.d4 c6 7.Nc3 Qa5 8.h3 Be6
9.d5 cxd5 10.Nd4 Bd7 11.cxd5 Rc8 12.e4 Na6 13.Nb3 Qd8 14.Be3 b6 15.Nd4 Nc5
16.b4 Na6 17.Qb3 Ne8 18.Rac1 Rab8 19.Rfd1 Rc7 20.Bf1 Qc8 21.Qa3 b5 22.Ndxb5 Bxb5
23.Nxb5 Rxc1 24.Rxc1 Qb7 25.Rc6 Nac7 26.Nxc7 Nxc7 27.Qxa7 Qxa7 28.Bxa7 Rb7
29.Be3 f5 30.exf5 gxf5 31.Bc4 Nb5 32.Rb6 Rxb6 33.Bxb6 Nc3 34.b5 Na4 35.Bc7 Bd4
36.Bb3 Nc5 37.b6 Na6 38.Bc4 Nc5 39.Bb5 Nb7 40.Bc6 Na5  1-0

[Event "JUG-chT"]
[Site "JUG"]
[Date "1994.??.??"]
[Round "7"]
[White "Ivanisevic, Dusko"]
[Black "Sakotic, Jasna"]
[Result "0-1"]
[WhiteElo "2240"]
[BlackElo "2170"]

1.Nf3 Nf6 2.c4 g6 3.g3 Bg7 4.Bg2 O-O 5.O-O c6 6.d4 d5 7.Nbd2 Bf5 8.b3 Ne4
9.Bb2 Nd7 10.Nh4 Nxd2 11.Qxd2 Be6 12.cxd5 cxd5 13.Rac1 Nf6 14.Qb4 Qd7 15.Nf3 a5
16.Qb6 Ra6 17.Qc7 Qb5 18.Ne5 Ne4 19.Qc2 Bf5 20.Qd1 a4  0-1

[Event "Heart of Finland op 4th"]
[Site "Jyvaskyla"]
[Date "1994.??.??"]
[Round "?"]
[White "Mednis, Edmar John"]
[Black "Hartikainen, Markku"]
[Result "0-1"]
[WhiteElo "2420"]
[BlackElo "2250"]

1.c4 Nf6 2.g3 g6 3.Bg2 Bg7 4.Nf3 O-O 5.O-O d6 6.d4 c5 7.dxc5 dxc5 8.Ne5 Nfd7
9.Nd3 Qc7 10.Bf4 e5 11.Be3 Nc6 12.Nc3 Nd4 13.f4 Nb6 14.Nxe5 Be6 15.b3 Rad8
16.Qc1 Rfe8 17.Rf2 a6 18.Bd2 f6 19.Nf3 Bg4 20.e4 Qd7 21.Be3 Nc8 22.Qf1 Nd6
23.Ne1 b5 24.Nd3 Qc8 25.cxb5 axb5 26.Re1 b4 27.Bxd4 cxd4 28.Nd5 Kh8 29.h3 Be6
30.N3xb4 Qb7 31.Nd3 Nxe4 32.Rxe4 Bxd5 33.Rxe8+ Rxe8 34.Bxd5 Qxd5 35.Re2 Re3
36.Rxe3 dxe3 37.Qe2 f5 38.Ne1 Bd4 39.Nd3 h5 40.h4 Kh7 41.Ne1 Bc5 42.Ng2 Qd1+
43.Qe1 e2+ 44.Kh2 Qxe1 45.Nxe1 Bb4 46.Nd3 e1=Q 47.Nxe1 Bxe1 48.a3 Kg7 49.b4 Kf6
50.b5 Ke6 51.a4 Kd5 52.Kg2 Kc5 53.Kf3 Kb6 54.Kg2 Bb4 55.Kf3 Bc5  0-1

[Event "JUG-ch sf"]
[Site "Kladovo"]
[Date "1994.??.??"]
[Round "?"]
[White "Lekic, Dusan"]
[Black "Brkljaca, Ante"]
[Result "0-1"]
[WhiteElo "2320"]
[BlackElo "2355"]

1.c4 Nf6 2.Nf3 g6 3.g3 Bg7 4.Bg2 O-O 5.O-O c6 6.d4 d6 7.Nc3 Qa5 8.e4 e5 9.h3 Be6
10.Qe2 exd4 11.Nxd4 Re8 12.Bf4 Nh5 13.Be3 Nd7 14.Rad1 Nb6 15.Nxe6 Rxe6 16.g4 Nf6
17.f4 Qb4 18.f5 Ree8 19.c5 dxc5 20.Qf2 Nc4 21.fxg6 hxg6 22.Bxc5 Qxb2 23.Qd4 Nd5
24.Nxd5 Bxd4+ 25.Bxd4 Qxd4+ 26.Rxd4 cxd5 27.exd5 Nd6 28.Rdf4 Rad8 29.Rf6 Re2
30.R1f2 Rxf2 31.Kxf2 g5 32.Ke3 Kg7 33.Rf2 Rc8 34.Kd4 Kf8 35.Bf1 Rc1 36.Bd3 Ke7
37.Re2+ Kf6 38.Rf2+ Ke7 39.Re2+ Kd7 40.Ke5 Rd1 41.Bc2 Rf1 42.Bf5+ Ke7 43.Kd4+ Kd8
44.Ke5 Ke7 45.Kd4+ Kd8 46.Ke5 Ne8 47.d6 Rd1 48.d7 f6+ 49.Ke6 Rxd7 50.Rh2 Re7+
51.Kd5 Re5+ 52.Kd4 Ng7 53.Bc2 Ne6+ 54.Kc3 Rc5+ 55.Kb2 Nd4 56.Be4 Kc7 57.h4 gxh4
58.Rxh4 Re5 59.Bd3 Re3 60.Bc4 b5 61.g5 bxc4 62.Rxd4 c3+ 63.Kb3 fxg5 64.Rg4 Re5
65.Kxc3 Kd6 66.Ra4 a5 67.Rg4 Ke6 68.Kd4 Kf6 69.Rg3 Rf5 70.Rb3 g4 71.Ke4 Kg5
72.Rb8 Rf4+ 73.Ke3 Rf3+ 74.Ke2 Kh4  0-1

[Event "Kstovo op"]
[Site "Kstovo"]
[Date "1994.??.??"]
[Round "6"]
[White "Arakelian, Eduard"]
[Black "Korotylev, Alexey"]
[Result "0-1"]
[WhiteElo "2415"]
[BlackElo "2430"]

1.Nf3 Nf6 2.c4 g6 3.g3 Bg7 4.Bg2 O-O 5.O-O d6 6.Nc3 e5 7.d3 Nc6 8.Bg5 h6
9.Bxf6 Bxf6 10.Rb1 a5 11.a3 Bg7 12.b4 axb4 13.axb4 Nd4 14.Nd2 Kh7 15.e3 Ne6
16.Qc2 f5 17.Ra1 Rxa1 18.Rxa1 f4 19.Ra8 c6 20.Nce4 fxe3 21.fxe3 d5 22.cxd5 cxd5
23.Nf2 e4 24.Bh3 exd3 25.Nxd3 Qb6 26.Nf1 Nd4 27.Qxc8 Rxc8 28.Rxc8 Nf3+ 29.Kf2 Ng5
30.Bg2 d4 31.Rb8 Qf6+ 32.Ke2 b6 33.h4 Ne6 34.h5 dxe3 35.Nxe3 Nd4+ 36.Kd2 Qd6
37.Be4 Qxb8  0-1

[Event "Las Palmas-D"]
[Site "Las Palmas"]
[Date "1994.??.??"]
[Round "?"]
[White "Danailov, Silvio"]
[Black "Gonzalez, G."]
[Result "1-0"]
[WhiteElo "2440"]
[BlackElo "2285"]

1.c4 Nf6 2.Nf3 g6 3.g3 Bg7 4.Bg2 O-O 5.O-O c5 6.d4 d6 7.b3 Ne4 8.Bb2 Nc6
9.e3 Qc7 10.Qe2 Bg4 11.Rd1 Ng5 12.h4 Ne4 13.Nc3 f5 14.Nd5 Qb8 15.dxc5 e5
16.cxd6 Nxd6 17.Qc2 h6 18.Re1 Rf7 19.c5 Ne8 20.Nh2 Bh5 21.e4 Qc8 22.Bh3 Bg4
23.Nxg4 fxg4 24.Bf1 Kh7 25.Rad1 Nc7 26.Bc4 Ne6 27.Ne3 Rf3 28.Bxe6 Qxe6 29.Qc4 Qc8
30.b4 Nd4 31.Nf1 b5 32.Qc1 Qf8 33.Bxd4 exd4 34.Qd2 h5 35.e5 Rd8 36.e6 Qe7
37.Nh2 Rc3 38.Re4 Bf6 39.Nf1 Kg7 40.Qe1 Ra3 41.Nd2 d3 42.Nb3 Rxa2 43.Re3 d2
44.Rxd2 Rdxd2 45.Nxd2 g5 46.Rd3 Qe8 47.Rd7+ Kg8 48.Qe4  1-0

[Event "Lippstadt"]
[Site "Lippstadt"]
[Date "1994.??.??"]
[Round "1"]
[White "Matthias, Heiner"]
[Black "Touzane, Olivier"]
[Result "1-0"]
[WhiteElo "2320"]
[BlackElo "2330"]

1.Nf3 Nf6 2.c4 g6 3.g3 Bg7 4.Bg2 O-O 5.d4 d6 6.O-O Nbd7 7.Nc3 e5 8.e4 c6
9.h3 Qb6 10.Re1 exd4 11.Nxd4 Re8 12.Nc2 Nc5 13.Rb1 Be6 14.b4 Ncd7 15.Ne3 Ne5
16.Na4 Qc7 17.Qc2 Bxh3 18.Bxh3 Nf3+ 19.Kf1 Nxe1 20.Kxe1 Nxe4 21.Kf1 Re7 22.Bg2 f5
23.Bxe4 Rxe4 24.Nc3 Re6 25.Ne2 Rae8 26.Bb2 Rxe3 27.fxe3 Rxe3 28.Kf2 Qe7 29.Bxg7 Kxg7
30.b5 h5 31.bxc6 bxc6 32.Rb8 Qe5 33.Rb7+ Kf6 34.Qd2 Re4 35.Rd7 d5 36.cxd5 c5
37.Rxa7 h4 38.Ra6+ Kf7 39.Re6 hxg3+ 40.Nxg3 Qd4+ 41.Qxd4 Rxd4 42.Ra6 Rxd5
43.a4 Rd2+ 44.Ke3 Ra2 45.a5 Ra3+ 46.Kf2 c4 47.Ne2 g5 48.Ra8 Ke6 49.a6 Kd7
50.a7 Kc7 51.Nd4 Kb7 52.Rb8+ Kxa7 53.Nc6+ Ka6 54.Ra8+ Kb6 55.Rxa3 Kxc6 56.Ra5 c3
57.Ke2 f4 58.Rxg5 f3+ 59.Kd3  1-0

[Event "Litomysl op"]
[Site "Litomysl"]
[Date "1994.??.??"]
[Round "?"]
[White "Bottyan, Peter"]
[Black "Savko, Alexei"]
[Result "0-1"]
[WhiteElo "2005"]
[BlackElo "2375"]

1.c4 Nf6 2.Nf3 g6 3.g3 Bg7 4.Bg2 O-O 5.O-O d5 6.cxd5 Nxd5 7.Nc3 Nc6 8.Qb3 Nb6
9.d3 e5 10.Bg5 Qe8 11.Ne4 Be6 12.Qc2 f6 13.Bd2 Bd5 14.b4 a6 15.a4 f5 16.a5 Nd7
17.Nc3 Bf7 18.Ng5 Nd4 19.Qb2 c6 20.Nxf7 Qxf7 21.Be3 Ne6 22.b5 axb5 23.a6 Rxa6
24.Rxa6 bxa6 25.Bxc6 Kh8 26.Qa3 Nb8 27.Bg2 f4 28.Bd2 Nd4 29.Be4 f3 30.e3 Ne2+
31.Kh1 Qe6 32.Qa1 g5 33.Qe1 Nxc3 34.Bxc3 Rf6 35.Rg1 g4 36.d4 Rh6 37.h4 Qf6  0-1

[Event "Lloyds Bank op"]
[Site "London"]
[Date "1994.??.??"]
[Round "1"]
[White "Slutzky, Leonid"]
[Black "Yermolinsky, Alex"]
[Result "1/2-1/2"]
[WhiteElo "2340"]
[BlackElo "2590"]

1.Nf3 Nf6 2.c4 g6 3.g3 Bg7 4.Bg2 O-O 5.O-O d5 6.cxd5 Nxd5 7.d4 Nb6 8.Nc3 Nc6
9.d5 Na5 10.Qc2 c6 11.dxc6 Nxc6 12.Rd1 Bf5 13.e4 Bd7 14.Bf4 Rc8 15.Qe2 Qe8
16.h3 Be6 17.Nd5 Bxd5 18.exd5 Nb4 19.Ne1 Qd7 20.Qd2 a5 21.a3 Nc4 22.Qe2 Na6
23.Nd3 a4 24.Rac1 b5 25.Ne5 Bxe5 26.Bxe5 Nc5 27.Bc3 Rc7 28.Re1 Nb3 29.Rc2 Rfc8  1/2-1/2

[Event "SWZ-ch int"]
[Site "Luzern"]
[Date "1994.??.??"]
[Round "9"]
[White "Brunner, Lucas"]
[Black "Gallagher, Joseph G"]
[Result "1/2-1/2"]
[WhiteElo "2525"]
[BlackElo "2470"]

1.Nf3 Nf6 2.c4 g6 3.g3 Bg7 4.Bg2 O-O 5.O-O d6 6.d4 Nbd7 7.Nc3 e5 8.e4 exd4
9.Nxd4 Re8 10.h3 a6 11.Re1 Nc5 12.Rb1 h6 13.b3 Rb8 14.Bb2 Bd7 15.b4 Ne6 16.Nf3 Ng5
17.Nxg5 hxg5 18.Nd5 Nxd5 19.cxd5 c6 20.dxc6 Bxc6 21.Bxg7 Kxg7 22.Qd4+ Qf6
23.Red1 Rbd8 24.Qxf6+ Kxf6 25.Rd4 Ke5 26.Rbd1 Rh8 27.R1d2 Rdf8 28.f3 f5 29.exf5 gxf5
30.f4+ gxf4 31.Bxc6 bxc6 32.Rxf4 d5 33.Re2+ Kd6 34.h4 a5 35.a3 axb4 36.axb4 Rfg8
37.Kg2  1/2-1/2

[Event "Madrid-B"]
[Site "Madrid"]
[Date "1994.??.??"]
[Round "3"]
[White "Barez, Hector"]
[Black "Gallego, Victoriano"]
[Result "1-0"]
[WhiteElo "2340"]
[BlackElo "2360"]

1.Nf3 Nf6 2.c4 g6 3.g3 Bg7 4.Bg2 O-O 5.O-O d6 6.d4 Nc6 7.Nc3 Bg4 8.d5 Na5
9.Nd2 c5 10.h3 Bd7 11.Qc2 e5 12.dxe6 Bxe6 13.b3 Nc6 14.Bb2 Nd4 15.Qc1 d5
16.e3 dxc4 17.Nxc4 Nc6 18.Rd1 Qe7 19.Qd2 Rfd8 20.Qe2 Nb4 21.Rxd8+ Rxd8 22.Rd1 b6
23.a3 Nbd5 24.Nxd5 Nxd5 25.Bxg7 Kxg7 26.Qd2 Rd7 27.Qb2+ f6 28.e4 Nc7 29.Rxd7 Qxd7
30.e5 Qd4 31.exf6+ Kxf6 32.Qe2 Bxc4 33.bxc4 Qa1+ 34.Kh2 Qxa3 35.Qd2 Ne6 36.Bd5 Qa1
37.Qe2 Qe5 38.Qf3+ Kg7 39.Qg4 Nf8  1-0